000 00857nam a22002297a 4500
005 20111007113557.0
010 _aG-001668
020 _a9788190720526
_c800.00
035 1 d _aG-001668
037 _bGift
082 _a307.772
100 _aMedhi, Birichi K.
_935282
245 E _aTribes of North-East India:
_cby Birichi K. Medhi, R.P. Athparia [and] K. Jose SVD
_bissues and challenges /
260 _aNew Delhi
_bOmsons Publications
_c2009
270 _a4379/4, Ansari Road, Daryaganj
_bNew Delhi
_e110002
300 _a384p.
_c22cm(Hb)
700 _aAthparia, R.P.
_935283
700 _aJose SVD, K.
_935284
942 _2ddc
_cEN
_h307.772
_mMED
999 _c57356
_d57356